| 000 | 00505nam a2200181 a 4500 | ||
|---|---|---|---|
| 001 | 000043939 | ||
| 005 | 20201002045044.0 | ||
| 008 | 140509s2001 sp 000 f spa d | ||
| 020 | _a8495461072 | ||
| 040 |
_aDO-SdBNP _bspa _cBNPHU |
||
| 082 |
_axxxx _bxxxx |
||
| 100 | 1 |
_aCastro, Celso, _d1957- _971872 |
|
| 245 | 1 | 0 |
_aDos noches / _cCelso Castro. |
| 260 |
_aMadrid : _bOpera Prima, _c2001. |
||
| 300 |
_a235 p. ; _c22 cm. |
||
| 490 | 1 |
_aNarrativa _aopera prima |
|
| 830 | 0 |
_aNarrativa ; _popera prima _971873 |
|
| 999 |
_c43428 _d43428 |
||